000 00542 a2200205 4500
005 20260204150540.0
008 260204b |||||||| |||| 00| 0 eng d
020 _a9788197458538
_cRs. 2195.00
040 _aMAIN
082 _a320.6
_bA12C
100 _aAparna Singh, ed.
245 _aCivil society and good governance
260 _bYking Books
_c2025
_aJaipur
300 _ax, 282
650 _aPolitical Science
650 _aCivil Society
650 _aDemocratic Governance
700 _aSingh, Rajeev Kumar, ed.
942 _cBK
999 _c395301
_d395301